| 000 | 01715nam a2200457 i 4500 | ||
|---|---|---|---|
| 001 | 105073 | ||
| 003 | FINmELB | ||
| 005 | 20241217173555.0 | ||
| 006 | m o d | | ||
| 007 | cr cnu|||||||| | ||
| 008 | 180910s2018 mx o 000 0 spa d | ||
| 020 | _z9786076291542 | ||
| 020 |
_a9786076291986 _q(e-book) |
||
| 035 | _a(OCoLC)1145097336 | ||
| 040 |
_aFINmELB _bspa _erda _cFINmELB |
||
| 050 | 4 |
_aKGF1789 _bP944 2018 |
|
| 080 | _a349.2(72) | ||
| 082 | 0 |
_a344.7201 _223 |
|
| 100 | 1 | _aPérez Chávez, José. | |
| 245 | 1 | 0 |
_aCompendio Laboral correlacionado artículo por artículo / _cJosé Pérez Chávez, Eladio Campero Guerrero, Raymundo Fol Olguín. |
| 264 | 1 |
_aMéxico, D.F. : _bTax Editores Unidos, _c2018. |
|
| 300 | _a1 recurso en línea (20520 páginas) | ||
| 336 |
_atexto _btxt _2rdacontent/spa |
||
| 337 |
_acomputadora _bc _2rdamedia/spa |
||
| 338 |
_arecurso en línea _bcr _2rdacarrier/spa |
||
| 500 | _aIncluye los tomos I y II. | ||
| 588 | _aDescripción basada en metadatos suministrados por el editor y otras fuentes. | ||
| 590 | _aRecurso electrónico. Santa Fe, Arg.: elibro, 2020. Disponible vía World Wide Web. El acceso puede estar limitado para las bibliotecas afiliadas a elibro. | ||
| 650 | 0 |
_aLabor laws and legislation _zMexico. |
|
| 650 | 4 | _aDerecho laboral. | |
| 651 | 4 | _aMéxico. | |
| 655 | 4 | _aLibros electrónicos. | |
| 700 | 1 |
_aFol Olguín, Raymundo, _eautor. |
|
| 700 | 1 |
_aCampero Guerrero, Eladio, _eautor. |
|
| 797 | 2 | _aelibro, Corp. | |
| 856 | 4 | 0 | _uhttps://elibro.net/ereader/politecnicointernacional/116679 |
| 999 |
_c105073 _d105073 |
||